000 00347nam a2200133Ia 4500
008 240624s9999 xx 000 0 und d
041 _aeng
082 _a828 SWA
100 _aSWARUP VIKAS
245 _aACCIDENTAL APPRENTICE IMAGINE IF YOUR LI
260 _c2013
_aNew Delhi
_bSimon & Schuster
300 _a436 : p. : cm. ; 19
365 _cRS
_b25
999 _c23640
_d23640